000 00846 a2200289 4500
001 200041831
650 0 _aTürk şiiri
_xTarih ve eleştiri
_975586
999 _c200041831
_d24951
003 TR-AnTOB
005 20230622001151.0
008 110706s2009 tu 000 1
020 _a9758950045
040 _aTR-AnTOB
041 _atur
050 0 0 _aPL217.P33
_bŞ5 2009
090 _aPL217.P33 Ş5 2009
100 1 _aPala, İskender,
_d1958-
_9117133
245 1 0 _aŞi'r-i kadim :
_bŞiir şerhleri /
_cİskender Pala.
250 _a8. bsm.
264 1 _aİstanbul :
_bKapı Yayınları,
_c2009.
300 _axi, 153 p. ;
_c20 cm.
490 0 _aKapı yayınları ;
_v4.
500 _aDizin
650 0 _aTurkish poetry
_xHistory and criticism
_916952
800 1 _aPala, İskender,
_d1958-
_tBütün eserleri
_v4.
942 _cBK